Pepe rey (Record no. 157194)

MARC details
000 -LEADER
campo de control de longitud fija 00660nam a22001932i 4500
001 - NÚMERO DE CONTROL
campo de control 157194
003 - IDENTIFICADOR DE NÚMERO DE CONTROL
campo de control ES-MaACL
005 - FECHA Y HORA DE LA ÚLTIMA TRANSACCIÓN
campo de control 20250821063055.0
008 - DATOS DE LONGITUD FIJA--INFORMACIÓN GENERAL
campo de control de longitud fija 921201s1888 sp |||| | spa d
040 ## - FUENTE DE CATALOGACIÓN
Centro catalogador/agencia de origen CAT
Lengua de catalogación spa
Centro/agencia transcriptor CAT
Centro/agencia modificador CCPB
080 #4 - NÚMERO DE LA CLASIFICACIÓN DECIMAL UNIVERSAL
Número de la Clasificación Decimal Universal 860-31"18"
100 1# - ENTRADA PRINCIPAL--NOMBRE DE PERSONA
Nombre de persona Lastra y Jado, Valentín,
Fechas asociadas al nombre m. 1893
9 (RLIN) 128729
245 10 - MENCIÓN DEL TÍTULO
Título Pepe rey
Resto del título : novela contemporánea /
Mención de responsabilidad, etc. precedida de una carta de Mariano de Cavia.
260 ## - PUBLICACIÓN, DISTRIBUCIÓN, ETC.
Lugar de publicación, distribución, etc. Madrid :
Nombre del editor, distribuidor, etc. [s.n.],
Fecha de publicación, distribución, etc. 1888 (
Fabricante Imprenta de Juan Iniesta y Lorenzo)
300 ## - DESCRIPCIÓN FÍSICA
Extensión 272 p. ;
Dimensiones 20 cm.
700 1# - ENTRADA AGREGADA--NOMBRE PERSONAL
Nombre de persona Cavia, Mariano de,
Fechas asociadas al nombre 1855-1920
Término indicativo de función/relación
9 (RLIN) 37196
852 ## - LOCALIZACIÓN
Ubicación ES-MaACL
Número de control de estantería D-627
Nota libre -- Rúst.
Holdings
Estatus retirado Estado de pérdida Estado de daño No para préstamo Colección Biblioteca de origen Biblioteca actual Ubicación en estantería Fecha de adquisición Fuente de adquisición Total de préstamos Signatura topográfica completa Código de barras Visto por última vez Precio de reemplazo Tipo de ítem Koha
        Libros del s. XIX Biblioteca del Ateneo de Madrid Biblioteca del Ateneo de Madrid Sala Valle Inclán 17/01/2008     D-627 901164471 23/02/2023 23/02/2023 Libro impreso antiguo